000 00549nam a2200193Ia 4500
999 _c14955
_d14955
003 OSt
005 20201116160552.0
008 190216s9999||||xx |||||||||||||| ||und||
022 _29788121905190
040 _coclc
082 _a651.75
_bPIL/M
100 _aPillai, R S N
_96609
245 0 _aModern Commercial Correspondence /
_cR S N Pillai ; Bagavathi
250 _a31st Ed.
260 _bS. Chand & Co,
_c2004.
_aNew delhi;
300 _a248p
650 _aEnglish
942 _cBK
_2ddc
_h651.75
_iPIL/M
_k651.75
_mPIL/M